[Event "4NCL/Div2/BAR2 vs. SLOS1"]
[Site "Nottingham ENG"]
[Date "2005.01.23"]
[Round "6.3"]
[White "Rogers, Jonathan W"]
[Black "Gwaze, Robert"]
[Result "0-1"]
[WhiteElo "2340"]
[BlackElo "2409"]
[PlyCount "170"]
[EventDate "2005.01.23"]
[SourceDate "2004.09.21"]

1. e4 c5 2. Nf3 e6 3. c3 Nf6 4. e5 Nd5 5. Bc4 Nb6 6. Bb3 c4 7. Bc2 Nc6 8. d4
cxd3 9. Qxd3 d6 10. Qe4 Nd7 11. exd6 Nf6 12. Qe2 Bxd6 13. Nbd2 O-O 14. O-O Bf4
15. b4 Nd5 16. Bb2 Bh6 17. Rad1 a6 18. Nb3 Qc7 19. a3 Nf4 20. Qe4 f5 21. Qc4 b5
22. Qc5 Bb7 23. Rfe1 Rac8 24. Bb1 Qf7 25. Nbd2 Qg6 26. g3 Nd8 27. Qe7 Nd5 28.
Qh4 Nxc3 29. Bxc3 Rxc3 30. Ne5 Qe8 31. Nf1 Bd5 32. g4 fxg4 33. Ne3 Bb3 34. Rd4
Nf7 35. Nxf7 Qxf7 36. Nxg4 Kh8 37. Rd8 Rc8 38. Rxc8 Rxc8 39. Nxh6 gxh6 40. Qd4+
Qg7+ 41. Qxg7+ Kxg7 42. Be4 Rc7 43. Re3 Ba2 44. Kg2 Kf6 45. Kf3 Bd5 46. Kf4 h5
47. Rf3 Rc4 48. Ke3+ Ke5 49. Bxd5 exd5 50. Kd3 Rd4+ 51. Ke3 Rh4 52. h3 Re4+ 53.
Kd3 Rf4 54. Re3+ Kd6 55. Re8 Rxf2 56. Rd8+ Ke6 57. Re8+ Kf7 58. Ra8 Rf3+ 59.
Kd4 Rxa3 60. h4 Ke6 61. Re8+ Kf5 62. Kxd5 Rd3+ 63. Kc5 Rc3+ 64. Kb6 Rc4 65. Ka5
Rxh4 66. Ra8 Rh1 67. Rf8+ Kg5 68. Kxa6 h4 69. Rd8 h3 70. Rd5+ Kg4 71. Rd4+ Kg3
72. Rd3+ Kg2 73. Rd2+ Kf3 74. Rd3+ Ke4 75. Rd7 Ra1+ 76. Kxb5 h2 77. Rxh7 h1=Q
78. Rxh1 Rxh1 79. Kc5 Rc1+ 80. Kd6 Rb1 81. Kc5 Ke5 82. b5 Rc1+ 83. Kb6 Kd6 84.
Ka7 Ra1+ 85. Kb6 Rb1 0-1

[Event "4NCL/Div2/BAR2 vs. SLOS1"]
[Site "Nottingham ENG"]
[Date "2005.01.23"]
[Round "6.4"]
[White "Jones, Gawain C B"]
[Black "Pritchett, Craig W"]
[Result "1-0"]
[WhiteElo "2453"]
[BlackElo "2258"]
[PlyCount "83"]
[EventDate "2005.01.23"]
[SourceDate "2004.09.21"]

1. e4 c5 2. Nc3 e6 3. f4 Nc6 4. Nf3 a6 5. g3 d5 6. Bg2 Nf6 7. d3 dxe4 8. Nxe4
Nxe4 9. dxe4 Qxd1+ 10. Kxd1 b5 11. c3 Bb7 12. Be3 Be7 13. Nd2 Na5 14. Kc2 O-O
15. Rhe1 Rfc8 16. Bh1 f6 17. Bf2 Kf7 18. g4 Bc6 19. Re2 Rab8 20. e5 Bxh1 21.
exf6 gxf6 22. Rxh1 Rc6 23. f5 e5 24. h4 c4 25. Ne4 Nb7 26. Rg1 Nd6 27. Ng3 b4
28. cxb4 Rxb4 29. Ne4 Nb5 30. Nc3 Nxc3 31. Kxc3 Rb5 32. Rd1 Bb4+ 33. Kc2 c3 34.
b3 a5 35. a4 Rb7 36. Re3 Rbc7 37. Red3 Ke7 38. g5 Bc5 39. Bxc5+ Rxc5 40. Rd5
Rxd5 41. Rxd5 Rb7 42. Rxa5 1-0

[Event "4NCL/Div2/BAR2 vs. SLOS1"]
[Site "Nottingham ENG"]
[Date "2005.01.23"]
[Round "6.5"]
[White "Coleman, David"]
[Black "Aagaard, Jacob"]
[Result "1/2-1/2"]
[WhiteElo "2256"]
[BlackElo "2449"]
[PlyCount "48"]
[EventDate "2005.01.23"]
[SourceDate "2004.09.21"]

1. e4 e5 2. Nf3 Nc6 3. d4 exd4 4. Bc4 Nf6 5. e5 d5 6. Bb5 Ne4 7. Nxd4 Bc5 8.
Be3 Bd7 9. Bxc6 bxc6 10. Nd2 Qh4 11. Nxe4 Qxe4 12. O-O O-O 13. Re1 Qg6 14. Nb3
Bb6 15. a4 Bg4 16. f3 Bf5 17. Rc1 Rfe8 18. Bd4 Rab8 19. Kh1 h5 20. Re2 Kh7 21.
Bc3 a6 22. a5 Ba7 23. Bd4 c5 24. Nxc5 Bxc5 1/2-1/2

[Event "4NCL/Div2/BAR2 vs. SLOS1"]
[Site "Nottingham ENG"]
[Date "2005.01.23"]
[Round "6.6"]
[White "Gourlay, Iain"]
[Black "Cox, John J"]
[Result "1/2-1/2"]
[WhiteElo "2304"]
[BlackElo "2311"]
[PlyCount "131"]
[EventDate "2005.01.23"]
[SourceDate "2004.09.21"]

1. Nf3 Nf6 2. g3 d5 3. Bg2 c6 4. b3 Bg4 5. Bb2 Nbd7 6. O-O e6 7. d3 Bd6 8. h3
Bh5 9. Nbd2 O-O 10. Qe1 Re8 11. e4 e5 12. Nh4 Qa5 13. a3 Rad8 14. Kh1 Qc7 15.
Nf5 Bg6 16. Nxd6 Qxd6 17. f4 exf4 18. gxf4 dxe4 19. dxe4 Nxe4 20. Nxe4 Bxe4 21.
Bxe4 Qh6 22. Rf3 Nc5 23. Re3 Nxe4 24. Rxe4 Qxh3+ 25. Kg1 Qg4+ 26. Kf2 Qh4+ 27.
Kg1 Qg4+ 28. Kf2 Rxe4 29. Qxe4 h5 30. Bc3 Qh4+ 31. Kg2 Rd6 32. Rh1 Qg4+ 33. Kf2
Rg6 34. Qf3 Qf5 35. Re1 Rg4 36. Re5 Qxc2+ 37. Re2 Qf5 38. Re5 Qc2+ 39. Re2 Qf5
40. Re5 Qxf4 41. Rxh5 Qxf3+ 42. Kxf3 Rg1 43. Rh2 f6 44. Rd2 Rb1 45. Rb2 Rh1 46.
Bd4 b6 47. a4 Rh3+ 48. Kg2 Rd3 49. Bf2 c5 50. a5 Kf7 51. axb6 axb6 52. b4 c4
53. Bxb6 c3 54. Rb1 Ke6 55. b5 Kd5 56. Bf2 Rd2 57. b6 Rb2 58. Rd1+ Kc4 59. Rd7
c2 60. b7 Rb5 61. Ba7 Kb3 62. Rc7 Kb2 63. b8=Q Rxb8 64. Bxb8 c1=Q 65. Rxc1 Kxc1
66. Kf3 1/2-1/2

[Event "4NCL/Div2/BAR2 vs. SLOS1"]
[Site "Nottingham ENG"]
[Date "2005.01.23"]
[Round "6.7"]
[White "Dishman, Stephen"]
[Black "Taylor, Robert M"]
[Result "1/2-1/2"]
[WhiteElo "2314"]
[BlackElo "2195"]
[PlyCount "59"]
[EventDate "2005.01.23"]
[SourceDate "2004.09.21"]

1. d4 Nf6 2. Bg5 e6 3. Nd2 c5 4. e3 b6 5. Ngf3 Bb7 6. Bd3 Nc6 7. O-O Rc8 8. c3
Be7 9. Re1 h6 10. Bh4 g5 11. Bg3 Rg8 12. Ne5 h5 13. Nxc6 Bxc6 14. Be5 h4 15. e4
d6 16. Bxf6 Bxf6 17. d5 Bd7 18. Nc4 Be5 19. Nxe5 dxe5 20. Ba6 Rb8 21. a4 g4 22.
Bb5 Kf8 23. Qd2 Rg6 24. Red1 Qe7 25. dxe6 Bxe6 26. Qd6 Qxd6 27. Rxd6 Ke7 28.
Rad1 Rgg8 29. g3 hxg3 30. hxg3 1/2-1/2

[Event "4NCL/Div2/BAR2 vs. SLOS1"]
[Site "Nottingham ENG"]
[Date "2005.01.23"]
[Round "6.8"]
[White "Richmond, Robert J"]
[Black "Bhatia, Kanwal K"]
[Result "1-0"]
[WhiteElo "2257"]
[BlackElo "2071"]
[PlyCount "137"]
[EventDate "2005.01.23"]
[SourceDate "2004.09.21"]

1. d4 Nf6 2. c4 c5 3. d5 b5 4. cxb5 a6 5. e3 g6 6. Nc3 Bg7 7. Nf3 d6 8. a4 axb5
9. Bxb5+ Bd7 10. Bc4 O-O 11. O-O Bc8 12. e4 Nbd7 13. h3 Nb6 14. Be2 Bb7 15. Bf4
Ra5 16. Rc1 Nfd7 17. b3 Qa8 18. Nb5 Nf6 19. Qc2 Qd8 20. Nd2 Nfd7 21. Na3 f5 22.
Ndc4 Ra8 23. f3 Ba6 24. Bd2 Nxc4 25. Bxc4 Ne5 26. Bxa6 Rxa6 27. Nc4 Qa8 28. a5
f4 29. Rb1 g5 30. Rfc1 h6 31. Kh1 Qc8 32. Nxe5 Bxe5 33. b4 Bd4 34. b5 Ra8 35.
b6 Qb7 36. Qc4 Ra6 37. Qb5 Rc8 38. Rc4 Be5 39. Rbc1 Kf7 40. Kg1 Bf6 41. Kf1 Kf8
42. Ke2 Kf7 43. Be1 Be5 44. Bf2 Kg7 45. Kd3 Raa8 46. h4 Ra6 47. hxg5 hxg5 48.
Rh1 Kg6 49. Be1 Raa8 50. Bd2 Bg7 51. Ke2 Bf6 52. Be1 Be5 53. Kd3 Kg7 54. Rh3 e6
55. dxe6 d5 56. exd5 Qxd5+ 57. Ke2 Rd8 58. Re4 g4 59. Rh4 gxf3+ 60. gxf3 Qd1+
61. Kf2 Bd4+ 62. Kg2 Be3 63. Rg4+ Kh6 64. Qf1 Qc2+ 65. Kh1 Rd5 66. e7 Rh5+ 67.
Bh4 Re8 68. b7 Qb3 69. Qa6+ 1-0

[Event "4NCL/Div2/NWE2 vs. BRI2"]
[Site "Nottingham ENG"]
[Date "2005.01.23"]
[Round "6.1"]
[White "Lund, D Brett"]
[Black "Helbig, Paul D"]
[Result "1-0"]
[WhiteElo "2212"]
[BlackElo "2184"]
[PlyCount "81"]
[EventDate "2005.01.23"]
[SourceDate "2004.09.21"]

1. c4 g6 2. g3 Bg7 3. Bg2 e5 4. Nc3 d6 5. e4 Nc6 6. Nge2 Nge7 7. d3 O-O 8. h4
f5 9. h5 f4 10. gxf4 exf4 11. Bxf4 Bg4 12. Qd2 Bxh5 13. Ng3 Rf7 14. Nxh5 gxh5
15. Ne2 Ng6 16. Bg5 Qf8 17. Be3 Nce5 18. Nd4 Re8 19. Rxh5 Nf4 20. Bxf4 Rxf4 21.
Nf5 Nf3+ 22. Bxf3 Rxf5 23. Bg4 Rxh5 24. Bxh5 Re6 25. Ke2 Rf6 26. Qe3 c5 27. Rg1
Kh8 28. Bg4 Rg6 29. Rg3 Bd4 30. Qf3 Rf6 31. Bf5 Qh6 32. Rh3 Qg7 33. b3 Rh6 34.
Rxh6 Qxh6 35. Qg4 Qc1 36. Qh4 Qc2+ 37. Kf1 Qc1+ 38. Kg2 h6 39. Qd8+ Kg7 40.
Qe7+ Kh8 41. Qf8# 1-0

[Event "4NCL/Div2/NWE2 vs. BRI2"]
[Site "Nottingham ENG"]
[Date "2005.01.23"]
[Round "6.2"]
[White "Dilleigh, Stephen P"]
[Black "Hulmes, David I"]
[Result "1/2-1/2"]
[WhiteElo "2161"]
[BlackElo "2206"]
[PlyCount "55"]
[EventDate "2005.01.23"]
[SourceDate "2004.09.21"]

1. d4 d5 2. c4 e6 3. Nc3 Nf6 4. cxd5 exd5 5. Bg5 c6 6. e3 Be7 7. Bd3 Nbd7 8.
Qc2 O-O 9. Nf3 Re8 10. O-O Nf8 11. Rae1 g6 12. Ne5 N6d7 13. Bxe7 Rxe7 14. f4 f5
15. b4 Nxe5 16. fxe5 Be6 17. Ne2 Rc8 18. Nf4 Rec7 19. Qd2 Qe7 20. Rb1 b6 21.
Ba6 Rd8 22. Be2 Bf7 23. Rfc1 Ne6 24. Rb2 Nxf4 25. exf4 c5 26. bxc5 bxc5 27.
dxc5 Rxc5 28. Rbc2 1/2-1/2

[Event "4NCL/Div2/NWE2 vs. BRI2"]
[Site "Nottingham ENG"]
[Date "2005.01.23"]
[Round "6.3"]
[White "Spence, David"]
[Black "Collier, David O"]
[Result "0-1"]
[WhiteElo "2216"]
[BlackElo "2142"]
[PlyCount "70"]
[EventDate "2005.01.23"]
[SourceDate "2004.09.21"]

1. e4 c5 2. c3 d6 3. d4 Nf6 4. Bd3 g6 5. Nf3 Bg7 6. h3 O-O 7. O-O Nc6 8. d5 Ne5
9. Nxe5 dxe5 10. c4 Ne8 11. Nc3 Nd6 12. Be3 b6 13. Qd2 f5 14. exf5 gxf5 15. f4
e4 16. Be2 Qe8 17. Qc2 Qg6 18. Rab1 Bd7 19. a3 Rac8 20. Qd2 Bf6 21. Rfc1 Kh8
22. Nd1 Rg8 23. Bf1 Qh6 24. Kh1 Ba4 25. b3 Be8 26. b4 Rg3 27. bxc5 bxc5 28.
Bxc5 Rxc5 29. Qf2 Qg7 30. Qxc5 Bd4 31. Qxd4 Qxd4 32. Rb8 Rg8 33. c5 Nb5 34. a4
Qd2 35. Ra1 Qxf4 0-1

[Event "4NCL/Div2/NWE2 vs. BRI2"]
[Site "Nottingham ENG"]
[Date "2005.01.23"]
[Round "6.4"]
[White "Curtis, John"]
[Black "Charleshouse, Glenn L"]
[Result "1/2-1/2"]
[WhiteElo "2126"]
[BlackElo "2251"]
[PlyCount "75"]
[EventDate "2005.01.23"]
[SourceDate "2004.09.21"]

1. d4 Nf6 2. Nf3 e6 3. e3 c5 4. Bd3 Be7 5. O-O O-O 6. Nbd2 b6 7. c3 Ba6 8. c4
d5 9. b3 Nbd7 10. Bb2 Rc8 11. Qe2 Re8 12. Rad1 Qc7 13. Ne5 dxc4 14. Ndxc4 Bb7
15. f4 cxd4 16. exd4 Bf8 17. Nd2 Qd6 18. Ndf3 Be7 19. g4 Rf8 20. g5 Nd5 21.
Nxd7 Qxd7 22. Ne5 Qe8 23. Bxh7+ Kxh7 24. Qh5+ Kg8 25. Rf3 Nxf4 26. Rxf4 Bxg5
27. Qxg5 f6 28. Qg4 fxe5 29. Rxf8+ Kxf8 30. d5 Bxd5 31. Bxe5 Qd7 32. Qg6 Kg8
33. Rf1 Qe7 34. Bd6 Qxd6 35. Qf7+ Kh7 36. Qh5+ Kg8 37. Qf7+ Kh8 38. Qh5+
1/2-1/2

[Event "4NCL/Div2/NWE2 vs. BRI2"]
[Site "Nottingham ENG"]
[Date "2005.01.23"]
[Round "6.5"]
[White "Savory, Richard J"]
[Black "Easton, Alex"]
[Result "1/2-1/2"]
[WhiteElo "2104"]
[BlackElo "2103"]
[PlyCount "49"]
[EventDate "2005.01.23"]
[SourceDate "2004.09.21"]

1. e4 e6 2. Nf3 d5 3. e5 c5 4. b4 cxb4 5. a3 Nc6 6. axb4 Bxb4 7. c3 Be7 8. d4
f6 9. Bd3 fxe5 10. dxe5 Qc7 11. Bf4 Nh6 12. O-O O-O 13. Bxh6 gxh6 14. Qe2 Bd7
15. Qe3 Rf7 16. Na3 Raf8 17. Nb5 Qb8 18. Rfe1 Rxf3 19. gxf3 Bg5 20. Qe2 Bf4 21.
Kh1 Qe8 22. Rg1+ Kh8 23. Rg2 Nxe5 24. Nd4 Qh5 25. Rag1 1/2-1/2

[Event "4NCL/Div2/NWE2 vs. BRI2"]
[Site "Nottingham ENG"]
[Date "2005.01.23"]
[Round "6.6"]
[White "Bareham, David"]
[Black "Hanley, James"]
[Result "1/2-1/2"]
[WhiteElo "2108"]
[BlackElo "2056"]
[PlyCount "59"]
[EventDate "2005.01.23"]
[SourceDate "2004.09.21"]

1. e4 c5 2. Nf3 d6 3. d4 cxd4 4. Nxd4 Nf6 5. Nc3 g6 6. Be3 Bg7 7. f3 Nc6 8. Qd2
O-O 9. O-O-O Be6 10. Kb1 Nxd4 11. Bxd4 Qc7 12. g4 Rfc8 13. h4 Qa5 14. Qg5 b5
15. Qxb5 Qc7 16. Qa4 Bd7 17. Bb5 Bxb5 18. Nxb5 Qb7 19. g5 Nh5 20. Bxg7 Kxg7 21.
Qd4+ Kg8 22. c4 Rc5 23. Rh2 Rac8 24. Rc2 Nf4 25. Ka1 Rxb5 26. Qd2 Rbc5 27. Qxf4
Rxc4 28. Rxc4 Rxc4 29. Rc1 Qc8 30. Rxc4 1/2-1/2

[Event "4NCL/Div2/NWE2 vs. BRI2"]
[Site "Nottingham ENG"]
[Date "2005.01.23"]
[Round "6.7"]
[White "Ruston, Mark R"]
[Black "Chaplin, Peter"]
[Result "1-0"]
[WhiteElo "2092"]
[BlackElo "2051"]
[PlyCount "71"]
[EventDate "2005.01.23"]
[SourceDate "2004.09.21"]

1. e4 c5 2. Nc3 e6 3. g3 Nc6 4. Bg2 g6 5. d3 Bg7 6. Be3 d6 7. Qd2 Nd4 8. Nd1 e5
9. c3 Ne6 10. Ne2 h5 11. d4 h4 12. h3 Bd7 13. d5 Nc7 14. b4 cxb4 15. cxb4 hxg3
16. fxg3 Bh6 17. Rc1 Rc8 18. Nb2 b5 19. Bxh6 Rxh6 20. Qe3 Ra8 21. Nd3 Kf8 22.
Nxe5 Nxd5 23. Nxd7+ Qxd7 24. exd5 Re8 25. Qf2 Rh5 26. O-O Rf5 27. Bf3 Rfe5 28.
Nf4 Kg7 29. Bg4 f5 30. Ne6+ R8xe6 31. dxe6 Qxe6 32. Rc7+ Ne7 33. Bf3 Re3 34.
Rc2 Qe5 35. Re2 f4 36. gxf4 1-0

[Event "4NCL/Div2/NWE2 vs. BRI2"]
[Site "Nottingham ENG"]
[Date "2005.01.23"]
[Round "6.8"]
[White "Hagesaether, Torill"]
[Black "Rabbitte, Dominic"]
[Result "1-0"]
[WhiteElo "1995"]
[BlackElo "1970"]
[PlyCount "73"]
[EventDate "2005.01.23"]
[SourceDate "2004.09.21"]

1. d4 Nf6 2. Nf3 g6 3. Bf4 Bg7 4. e3 O-O 5. Bd3 c5 6. c3 b6 7. Nbd2 Bb7 8. O-O
d6 9. Qc2 Nbd7 10. h3 Re8 11. Bh2 e5 12. Ng5 d5 13. dxe5 Nxe5 14. Bb5 Re7 15.
Rad1 a6 16. Be2 Qe8 17. Ngf3 Nc6 18. Qb3 b5 19. Bd6 c4 20. Qc2 Re6 21. Bc5 Nd7
22. Bd4 Nxd4 23. Nxd4 Bxd4 24. cxd4 a5 25. Bf3 Nb6 26. b3 Rc8 27. bxc4 bxc4 28.
Rb1 Ba6 29. Rfc1 Rd6 30. Qc3 Qa4 31. Rb2 Qd7 32. Rbb1 Qa4 33. Rc2 Rcc6 34. Rcb2
f5 35. Bd1 Qxd1+ 36. Rxd1 Na4 37. Rb8+ 1-0

[Event "4NCL/Div2/BRI2 vs. KHE"]
[Site "West Bromwich ENG"]
[Date "2005.04.09"]
[Round "7.1"]
[White "Dilleigh, Stephen P"]
[Black "McMichael, Richard"]
[Result "1/2-1/2"]
[WhiteElo "2161"]
[BlackElo "2272"]
[PlyCount "42"]
[EventDate "2005.04.09"]
[SourceDate "2004.09.21"]

1. d4 e6 2. c4 f5 3. g3 Nf6 4. Bg2 d5 5. Nh3 c6 6. O-O Bd6 7. Bf4 Be7 8. Nd2
O-O 9. Qc2 Nh5 10. Nf3 Nd7 11. Bd2 a5 12. b3 Bd6 13. Nf4 Qe8 14. Nd3 Ndf6 15.
a3 Ne4 16. c5 Bc7 17. b4 Nxd2 18. Qxd2 Nf6 19. Nfe5 Nd7 20. f4 Nxe5 21. Nxe5
Qe7 1/2-1/2

[Event "4NCL/Div2/BRI2 vs. KHE"]
[Site "West Bromwich ENG"]
[Date "2005.04.09"]
[Round "7.2"]
[White "Thomas, Richard H"]
[Black "Collier, David O"]
[Result "1/2-1/2"]
[WhiteElo "2232"]
[BlackElo "2130"]
[PlyCount "89"]
[EventDate "2005.04.09"]
[SourceDate "2004.09.21"]

1. d4 Nf6 2. c4 e6 3. g3 Bb4+ 4. Bd2 a5 5. Bg2 Nc6 6. Nf3 d5 7. a3 Be7 8. Qc2
dxc4 9. Qxc4 Qd5 10. Qxd5 exd5 11. Bf4 Bg4 12. Nbd2 O-O-O 13. O-O Ne4 14. Rfd1
h6 15. h3 Be6 16. Rac1 g5 17. Be3 f6 18. Ne1 Nd6 19. Nd3 Nf5 20. Nf3 Nxe3 21.
fxe3 Bd6 22. Kf2 Ne7 23. Nd2 Nf5 24. Nf1 h5 25. Nc5 Bxc5 26. Rxc5 b6 27. Rc6
Rd6 28. Rc3 Re8 29. Rdc1 Re7 30. b4 axb4 31. axb4 Kb8 32. Ra1 Bc8 33. Bf3 h4
34. g4 Ng7 35. Nh2 Bb7 36. Bg2 Rc6 37. Rxc6 Bxc6 38. Nf3 Ne8 39. Nd2 Nd6 40.
Bf3 Re8 41. Ra3 Kb7 42. Ra1 Ra8 43. Rxa8 Kxa8 44. Nb1 Nb5 45. Ke1 1/2-1/2

[Event "4NCL/Div2/BRI2 vs. KHE"]
[Site "West Bromwich ENG"]
[Date "2005.04.09"]
[Round "7.3"]
[White "Curtis, John"]
[Black "Kwiatkowski, Feliks J"]
[Result "1/2-1/2"]
[WhiteElo "2126"]
[BlackElo "2229"]
[PlyCount "114"]
[EventDate "2005.04.09"]
[SourceDate "2004.09.21"]

1. d4 Nf6 2. Nf3 g6 3. Nc3 d5 4. Bf4 Bg7 5. e3 O-O 6. Be2 c5 7. O-O Ne4 8. Nxe4
dxe4 9. Ne5 Nd7 10. Nxd7 Bxd7 11. c3 Rc8 12. Qb3 Qb6 13. Rfd1 Be6 14. Qxb6 axb6
15. f3 cxd4 16. exd4 Bd5 17. fxe4 Bxe4 18. Bd3 Bd5 19. Re1 e6 20. Be4 Rfd8 21.
a3 Rd7 22. Rac1 Bb3 23. Kf2 b5 24. Bd3 Bc4 25. Rcd1 Rd5 26. Be4 Rd7 27. Bd3
Rcd8 28. Bc2 Rc8 29. Bd3 h5 30. Kf3 Rc6 31. Be4 Rc8 32. Bd3 Bd5+ 33. Be4 Bb3
34. Rd2 Rcd8 35. Bc2 Bd5+ 36. Kf2 Rc8 37. Bd3 Bc4 38. Kf3 Rcd8 39. Bc2 Bd5+ 40.
Kf2 Rc8 41. Bd3 Bc4 42. Kf3 Rcd8 43. Bc2 Re8 44. Rdd1 f5 45. h4 Kf7 46. Re3 Bf6
47. g3 Rc8 48. Rd2 Ra8 49. Bd3 Ra6 50. Rde2 Rc6 51. Kf2 Rd5 52. Re1 Ra6 53. Bf1
Rd7 54. Rd1 Ra8 55. Rde1 Ra6 56. Rd1 Ra8 57. Rde1 Ra6 1/2-1/2

[Event "4NCL/Div2/BRI2 vs. KHE"]
[Site "West Bromwich ENG"]
[Date "2005.04.09"]
[Round "7.4"]
[White "Sandhu, Mihaela"]
[Black "Chaplin, Peter"]
[Result "1/2-1/2"]
[WhiteElo "2148"]
[BlackElo "2051"]
[PlyCount "39"]
[EventDate "2005.04.09"]
[SourceDate "2004.09.21"]

1. e4 c5 2. Nf3 e6 3. d4 cxd4 4. Nxd4 Nf6 5. Nc3 d6 6. Be3 Be7 7. f3 a6 8. Qd2
Nc6 9. g4 Qc7 10. g5 Nd7 11. f4 b5 12. Nxc6 Qxc6 13. Qd4 Qc5 14. Qd2 Qb4 15. a3
Qa5 16. Qd4 O-O 17. h4 Bb7 18. Be2 Rfd8 19. Bd2 Qb6 20. Qxb6 1/2-1/2

[Event "4NCL/Div2/BRI2 vs. KHE"]
[Site "West Bromwich ENG"]
[Date "2005.04.09"]
[Round "7.5"]
[White "Easton, Alex"]
[Black "O'Shaughnessy, Conor"]
[Result "1/2-1/2"]
[WhiteElo "2103"]
[BlackElo "2189"]
[PlyCount "80"]
[EventDate "2005.04.09"]
[SourceDate "2004.09.21"]

1. Nf3 Nf6 2. c4 c5 3. Nc3 e6 4. g3 b6 5. Bg2 Bb7 6. d4 cxd4 7. Qxd4 Be7 8. O-O
d6 9. Rd1 a6 10. b3 Nbd7 11. e4 Qc7 12. Ba3 Nc5 13. e5 dxe5 14. Qxe5 Qc6 15.
Ne1 Qc8 16. Bb2 O-O 17. Rac1 Bxg2 18. Nxg2 Qb7 19. Qe2 Rfd8 20. Nf4 h6 21. h4
Rab8 22. Nd3 Nxd3 23. Rxd3 Rxd3 24. Qxd3 b5 25. Rd1 Bc5 26. cxb5 axb5 27. Qe2
h5 28. Rd3 Be7 29. Nd1 Ra8 30. Bd4 b4 31. Ne3 Qe4 32. Rd2 Rd8 33. Bxf6 Rxd2 34.
Qxd2 Bxf6 35. Qc2 Qd4 36. Kg2 g6 37. Qd1 Qb2 38. Qc2 Qa1 39. Nc4 Kg7 40. Nd2
Qd4 1/2-1/2

[Event "4NCL/Div2/BRI2 vs. KHE"]
[Site "West Bromwich ENG"]
[Date "2005.04.09"]
[Round "7.6"]
[White "Guthrie, David"]
[Black "Boyce, G Michael"]
[Result "0-1"]
[WhiteElo "2170"]
[BlackElo "2058"]
[PlyCount "74"]
[EventDate "2005.04.09"]
[SourceDate "2004.09.21"]

1. d4 Nf6 2. c4 e6 3. Nc3 Bb4 4. e3 O-O 5. a3 Bxc3+ 6. bxc3 c5 7. Bd3 Nc6 8.
Ne2 b6 9. e4 Ne8 10. Be3 d6 11. O-O f5 12. f4 g6 13. Ng3 Ng7 14. d5 Na5 15. Qf3
Qf6 16. Bd2 Nb3 17. Rad1 Nxd2 18. Rxd2 Qxc3 19. Qe2 Bd7 20. Rf3 Rae8 21. e5 Qa5
22. Rd1 b5 23. h4 dxe5 24. fxe5 bxc4 25. Bxc4 exd5 26. Bxd5+ Be6 27. h5 Bxd5
28. Rxd5 Ne6 29. Rd6 Rf7 30. hxg6 hxg6 31. Rf1 Qxa3 32. Qf2 Qc3 33. Rd5 Qc4 34.
Qd2 Qh4 35. Rf3 Nd4 36. Ra3 f4 37. Ne4 f3 0-1

[Event "4NCL/Div2/BRI2 vs. KHE"]
[Site "West Bromwich ENG"]
[Date "2005.04.09"]
[Round "7.7"]
[White "Humphreys, Jerry"]
[Black "Okike, David C"]
[Result "1-0"]
[WhiteElo "2100"]
[BlackElo "2158"]
[PlyCount "87"]
[EventDate "2005.04.09"]
[SourceDate "2004.09.21"]

1. e4 e6 2. d4 d5 3. Nd2 Nf6 4. e5 Nfd7 5. Bd3 c5 6. c3 b6 7. Ne2 Ba6 8. Bxa6
Nxa6 9. O-O Nc7 10. f4 g6 11. Nf3 b5 12. Bd2 a5 13. g4 f5 14. gxf5 gxf5 15. Ng3
Be7 16. Ng5 Bxg5 17. fxg5 Qe7 18. Rxf5 exf5 19. Nxf5 Qf8 20. Qh5+ Kd8 21. Nd6
Ne6 22. Rf1 Qg8 23. Qg4 Ra6 24. Nf7+ Kc7 25. Qf3 Qg7 26. Nxh8 Qxh8 27. Qxd5 Qg7
28. h4 h6 29. c4 b4 30. dxc5 hxg5 31. c6 gxh4+ 32. Kh1 Rxc6 33. Qxa5+ Kc8 34.
Qd5 Kc7 35. Bxb4 Nb6 36. Bd6+ Kd7 37. Qd3 Qg3 38. Qf5 Rxc4 39. Qf7+ Kc6 40.
Qxe6 h3 41. Bc7+ Kc5 42. Qd6+ Kb5 43. Qxb6+ Ka4 44. Qa5# 1-0

[Event "4NCL/Div2/BRI2 vs. KHE"]
[Site "West Bromwich ENG"]
[Date "2005.04.09"]
[Round "7.8"]
[White "Compton, Alistair"]
[Black "Mihajlova, Diana"]
[Result "1-0"]
[WhiteElo "2096"]
[BlackElo "1850"]
[PlyCount "57"]
[EventDate "2005.04.09"]
[SourceDate "2004.09.21"]

1. e4 e5 2. Nf3 Nc6 3. Nc3 Nf6 4. Bb5 Nd4 5. Ba4 c6 6. d3 b5 7. Bb3 Ng4 8. Nxd4
Nxf2 9. Qf3 f6 10. Qxf2 Bc5 11. Be3 exd4 12. Bxd4 Bxd4 13. Qxd4 Qe7 14. O-O Bb7
15. Qf2 O-O-O 16. Qxa7 h5 17. a4 b4 18. a5 bxc3 19. a6 Ba8 20. Qxa8+ Kc7 21.
Qb7+ Kd6 22. Qb4+ c5 23. Qb6+ Ke5 24. Rf5+ Kd4 25. bxc3+ Kxc3 26. Rxc5+ Kd4 27.
Qb4+ Ke3 28. Qe1+ Kd4 29. Qf2# 1-0

[Event "4NCL/Div2/SLOS1 vs. NWE2"]
[Site "West Bromwich ENG"]
[Date "2005.04.09"]
[Round "7.1"]
[White "Gwaze, Robert"]
[Black "Kennaugh, Charles W"]
[Result "1-0"]
[WhiteElo "2409"]
[BlackElo "2281"]
[PlyCount "59"]
[EventDate "2005.04.09"]
[SourceDate "2004.09.21"]

1. e4 e5 2. Nf3 Nc6 3. Bb5 f5 4. Nc3 Nf6 5. exf5 Be7 6. O-O O-O 7. Re1 d6 8. d4
Nxd4 9. Nxd4 exd4 10. Qxd4 d5 11. Bg5 c6 12. Bd3 Rf7 13. g4 Qf8 14. h3 h5 15.
Bh4 c5 16. Qf4 Bd6 17. Qf3 hxg4 18. hxg4 c4 19. Be2 Nxg4 20. Qxd5 Bh2+ 21. Kf1
Bxf5 22. Bxg4 Bxg4 23. Qg2 Bf5 24. Qxh2 Bxc2 25. Nd5 Re8 26. Re5 Be4 27. Re1
Rxe5 28. Qxe5 Bd3+ 29. Kg1 g5 30. Bxg5 1-0

[Event "4NCL/Div2/SLOS1 vs. NWE2"]
[Site "West Bromwich ENG"]
[Date "2005.04.09"]
[Round "7.2"]
[White "Charleshouse, Glenn L"]
[Black "Gourlay, Iain"]
[Result "0-1"]
[WhiteElo "2212"]
[BlackElo "2316"]
[PlyCount "84"]
[EventDate "2005.04.09"]
[SourceDate "2004.09.21"]

1. e4 c5 2. Nf3 e6 3. d4 cxd4 4. Nxd4 Nc6 5. Nc3 Qc7 6. Be3 a6 7. Qd2 Nf6 8. f3
Bb4 9. a3 Be7 10. g4 d6 11. O-O-O O-O 12. h4 Rd8 13. g5 Nh5 14. f4 d5 15. e5
Na5 16. Bd3 b5 17. Nce2 Nc4 18. Bxc4 dxc4 19. Qc3 Bb7 20. Rhg1 Rac8 21. Rd2 Bd5
22. Rgd1 b4 23. axb4 Qb7 24. Qa3 Bxb4 25. Qa4 Bxd2+ 26. Bxd2 Bf3 27. Re1 Bxe2
28. Nxe2 Qf3 29. Ba5 Rd5 30. Nc3 Rd4 31. Bb6 Rxf4 32. Qd7 Qc6 33. Qd6 Ng3 34.
Rd1 Rf1 35. Rxf1 Nxf1 36. Bf2 Nh2 37. Qd4 Qh1+ 38. Nd1 Qd5 39. Qf4 Nf3 40. Be3
Rd8 41. Nc3 Qc6 42. b4 cxb3 0-1

[Event "4NCL/Div2/SLOS1 vs. NWE2"]
[Site "West Bromwich ENG"]
[Date "2005.04.09"]
[Round "7.3"]
[White "Muir, Andrew J"]
[Black "Hulmes, David I"]
[Result "1-0"]
[WhiteElo "2322"]
[BlackElo "2206"]
[PlyCount "113"]
[EventDate "2005.04.09"]
[SourceDate "2004.09.21"]

1. d4 d5 2. c4 e6 3. Nc3 Nf6 4. Nf3 Be7 5. Bg5 h6 6. Bh4 O-O 7. e3 b6 8. Be2
Bb7 9. Bxf6 Bxf6 10. cxd5 exd5 11. b4 c6 12. O-O a5 13. b5 c5 14. Ne5 Bxe5 15.
dxe5 d4 16. exd4 cxd4 17. Na4 Ra7 18. f4 Be4 19. Bd3 Bxd3 20. Qxd3 Rd7 21. Rac1
Rd5 22. Rc4 Rxb5 23. Rxd4 Qe8 24. Rd6 Rb4 25. Nxb6 Qb5 26. Qxb5 Rxb5 27. Rc1
Kh7 28. h3 Rb2 29. a3 Rb3 30. a4 Rb4 31. g3 Rb3 32. Kg2 h5 33. h4 Na6 34. Nd7
Ra8 35. f5 Nb4 36. e6 fxe6 37. fxe6 Re8 38. Rc5 Re3 39. Rxh5+ Kg8 40. Ne5 Nc2
41. Rg5 Ne1+ 42. Kh3 Nf3 43. Nxf3 Rxf3 44. Rxa5 Re3 45. Rg5 R8xe6 46. Rxe6 Rxe6
47. Rf5 Re3 48. Kg4 Kh7 49. Kf4 Ra3 50. a5 Kg6 51. Rg5+ Kf6 52. Ke4 Rc3 53. Kd4
Rc1 54. Rc5 Rg1 55. a6 Rxg3 56. Ra5 Rg4+ 57. Ke3 1-0